| 000 | 00788nas a2200253 4500 | ||
|---|---|---|---|
| 001 | BR2016004334 | ||
| 003 | BR-BrBNA | ||
| 005 | 20231205130650.0 | ||
| 007 | ta | ||
| 008 | 230509b bl.|||p| |||| 00| 00por d | ||
| 040 |
_aBR-BrBNA _bpor _cBiblioteca Nacional de Agricultura |
||
| 041 | _a(Pt) | ||
| 072 | _aP01; K10 | ||
| 100 | 1 | _aPompermayer, R. | |
| 100 | 1 | _aAngelo, H. | |
| 100 | 1 | _aAlmeida, A.N. de | |
| 245 | 1 | _aCusto social da degradação da qualidade hídrica para o abastecimento público | |
| 650 | _aBACIA HIDROGRÁFICA | ||
| 650 | _aMANEJO | ||
| 650 | _aPRESERVAÇÃO DA NATUREZA | ||
| 773 | 0 |
_tFloresta e Ambiente (Brazil) _xISSN 1415-0980 _g(Jul-Sep 2016), v. 23(3) p. 320-329 _wBR2016004334 |
|
| 909 |
_a202311 _bLúcia _c55 _dLúcia Elande |
||
| 942 |
_2AGRIS _n0 _cANA |
||
| 999 |
_c250608 _d250608 |
||